Creating design knowledge in educational innovation : (Record no. 51826)

MARC details
000 -LEADER
fixed length control field 00800nam a2200265Ia 4500
005 - DATE AND TIME OF LATEST TRANSACTION
control field 20260429112011.0
008 - FIXED-LENGTH DATA ELEMENTS--GENERAL INFORMATION
fixed length control field 260429s9999||||xx |||||||||||||| ||und||
020 ## - INTERNATIONAL STANDARD BOOK NUMBER
International Standard Book Number 9781032489216
041 ## - LANGUAGE CODE
Language English
082 ## - DEWEY DECIMAL CLASSIFICATION NUMBER
Classification number 370.72
Item number CHR
100 ## - MAIN ENTRY--PERSONAL NAME
Personal name Christensen, Inger-Marie Falgren
245 #0 - TITLE STATEMENT
Title Creating design knowledge in educational innovation :
Remainder of title theory, methods, and practice /
Statement of responsibility, etc Inger-Marie Falgren Christensen
250 ## - EDITION STATEMENT
Edition statement 1st ed.
260 ## - PUBLICATION, DISTRIBUTION, ETC. (IMPRINT)
Place of publication, distribution, etc New Delhi :
Name of publisher, distributor, etc Routledge,
Date of publication, distribution, etc 2025.
300 ## - PHYSICAL DESCRIPTION
Extent xi, 289 p.; pbk
650 ## - SUBJECT ADDED ENTRY--TOPICAL TERM
Topical term or geographic name as entry element Design thinking
650 ## - SUBJECT ADDED ENTRY--TOPICAL TERM
Topical term or geographic name as entry element Pedagogy
650 ## - SUBJECT ADDED ENTRY--TOPICAL TERM
Topical term or geographic name as entry element Research methods
650 ## - SUBJECT ADDED ENTRY--TOPICAL TERM
Topical term or geographic name as entry element Educational innovation
700 ## - ADDED ENTRY--PERSONAL NAME
Personal name Dohn, Nina Bonderup
700 ## - ADDED ENTRY--PERSONAL NAME
Personal name Hachmann, Roland
700 ## - ADDED ENTRY--PERSONAL NAME
Personal name Markauskaite, Lina
700 ## - ADDED ENTRY--PERSONAL NAME
Personal name Ripley, Dwayne
942 ## - ADDED ENTRY ELEMENTS (KOHA)
Koha item type Text Books
Holdings
Withdrawn status Lost status Damaged status Not for loan Collection code Home library Location Shelving location Date of Cataloging Source of acquisition Total Checkouts Full call number Barcode Date last seen Price effective from Koha item type
        Non-fiction CUTN Central Library CUTN Central Library Social Sciences 29/04/2026 SansRack Publishing Solutions, Chennai - Invoice No. S131/25-26 on 11-02-2026   370.72 CHR 56865 29/04/2026 29/04/2026 Text Books